书目信息 |
| 题名: |
百科全书及其编辑研究
|
|
| 作者: | 金常政 著 | |
| 分册: | ||
| 出版信息: | 北京 知识出版社 1987.12 |
|
| 页数: | 198页 | |
| 开本: | 19厘米 | |
| 丛书名: | ||
| 单 册: | ||
| 中图分类: | H06 | |
| 科图分类: | ||
| 主题词: | 百科全书--基本知识 , 百科全书-编辑工作 , 编辑工作-百科全书 | |
| 电子资源: | ||
| ISBN: | 7-5015-0051-7 | |
| 000 | 00753nam0 2200253 45 | |
| 001 | 0188003800 | |
| 005 | 20040424081544.5 | |
| 010 | @a7-5015-0051-7@dCNY1.50 | |
| 020 | @aCN@b88003800 | |
| 100 | @a19910411d1987 m y0chiy0120 ea | |
| 101 | 0 | @achi |
| 102 | @aCN@b110000 | |
| 105 | @ay z 000yy | |
| 106 | @ar | |
| 200 | 10 | @a百科全书及其编辑研究@Abai ke quan shu ji qi bian ji yan jiu@e百科全书论集@Ebai ke quan shu lun ji@f金常政著@Fjin chang zheng zhu |
| 210 | @a北京@c知识出版社@d1987.12 | |
| 215 | @a198页@d19厘米 | |
| 606 | @a百科全书@x基本知识 | |
| 606 | @a百科全书-编辑工作 | |
| 606 | @a编辑工作-百科全书 | |
| 690 | @aH06@v1980 | |
| 701 | 0 | @a金常政@Ajin chang zheng@4著 |
| 801 | 0 | @aCN@bNLC@c19910411 |
| 905 | @f1@b217607@dH06@e69 | |
| 百科全书及其编辑研究:百科全书论集/金常政著.-北京:知识出版社,1987.12 |
| 198页;19厘米 |
| ISBN 7-5015-0051-7:CNY1.50 |
| ● |
| 相关链接 |
|
|
|
|
正题名:百科全书及其编辑研究
索取号:H06/69
 
预约/预借
| 序号 | 登录号 | 条形码 | 馆藏地/架位号 | 状态 | 备注 |
| 1 | 0217607 | 000823817 | 第四借阅区/ [索取号:H06/69] | 在馆 | |
| 2 | 0217608 | 000823808 | 第二样本阅览室/ [索取号:H06/69] | 在馆 |